000 00205 a2200097 4500
001 41362
100 _aSeik, O
245 _aScience & education
260 _aJapan
_bMale adross
_c
090 _c25542
_d25542
942 _aNUST-CAE
_cM
_c17272
999 _c276435
_d276435